Normal view MARC view

Entry Título uniforme

Number of records used in: 1

001 - NÚMERO DE CONTROL

  • campo de control: 28408

003 - IDENTIFICADOR DEL NÚMERO DE CONTROL

  • campo de control: FranzMayer

005 - FECHA Y HORA DE LA ÚLTIMA TRANSACCIÓN

  • campo de control: 20220704144453.0

008 - DATOS DE LONGITUD FIJA

  • campo de control de longitud fija: 220704|| aca||aabn | a|a d

040 ## - FUENTE DE LA CATALOGACIÓN

  • Centro catalogador/agencia de origen: FranzMayer
  • Centro/agencia transcriptor: FranzMayer

130 ## - ENCABEZAMIENTO--TÍTULO UNIFORME

  • Título uniforme: Mundo ilustrado (Mexico City, Mexico)

670 ## - FUENTE DE DATOS ENCONTRADOS

  • Cita de la fuente: Work cat.: (FranzMayer)10804: Saborit, Antonio, 1957- 28404, Diario de las cigarras :, 2004.